Kriminalitätsentwicklung und Rechtsbewußtsein

Saved in:  
Bibliographic Details
Main Author: Kube, Edwin 1938-2022 (Author)
Format: Print Article
Language:German
Published: 1987
In: Blätter für Strafvollzugskunde
Year: 1987, Issue: 2, Pages: 1-3
Check availability: HBZ Gateway
Keywords:

MARC

LEADER 00000caa a2200000 c 4500
001 1635475325
003 DE-627
005 20250904152045.0
007 tu
008 131212s1987 xx ||||| 00| ||ger c
035 |a (DE-627)1635475325 
035 |a (DE-576)399007903 
035 |a (DE-599)BSZ399007903 
040 |a DE-627  |b ger  |c DE-627  |e rakwb 
041 |a ger 
100 1 |a Kube, Edwin  |d 1938-2022  |0 (DE-588)131675621  |0 (DE-627)512175578  |0 (DE-576)161848419  |4 aut 
109 |a Kube, Edwin 1938-2022  |a Kube-Aprill, Edwin 1938-2022  |a Kube, E. 1938-2022 
245 1 0 |a Kriminalitätsentwicklung und Rechtsbewußtsein  |c Edwin Kube 
264 1 |c 1987 
336 |a Text  |b txt  |2 rdacontent 
337 |a ohne Hilfsmittel zu benutzen  |b n  |2 rdamedia 
338 |a Band  |b nc  |2 rdacarrier 
500 |a Fortsetzung aus der Ausgabe 1/1987 
773 0 8 |i In  |t Blätter für Strafvollzugskunde  |d Freiburg, Br. : Bund, 1965  |g (1987), 2, Seite 1-3  |w (DE-627)167364863  |w (DE-600)507277-3  |w (DE-576)015662268  |7 nnas 
773 1 8 |g year:1987  |g number:2  |g pages:1-3 
951 |a AR 
ELC |b 1 
LOK |0 000 xxxxxcx a22 zn 4500 
LOK |0 001 3291806077 
LOK |0 003 DE-627 
LOK |0 004 1635475325 
LOK |0 005 20250904151020 
LOK |0 008 131212||||||||||||||||ger||||||| 
LOK |0 040   |a DE-21-110  |c DE-627  |d DE-21-110 
LOK |0 689   |a s  |a Kriminalitätsentwicklung 
LOK |0 689   |a s  |a Rechtsbewußtsein 
LOK |0 689   |a s  |a Versicherungsbetrug 
LOK |0 852   |a DE-21-110 
LOK |0 852 1  |m p  |9 00 
LOK |0 938   |k p 
LOK |0 939   |a 12-12-13  |b l01 
ORI |a SA-MARC-krimdoka001.raw